| 000 | 00712nam a2200301Ia 4500 | ||
|---|---|---|---|
| 005 | 20260401122223.0 | ||
| 008 | 008 250103s9999 xx 000 0 eng d | ||
| 020 | _a8178240505 | ||
| 037 | _aTB | ||
| 040 | _aEDL | ||
| 040 | _beng | ||
| 040 | _cEDL | ||
| 041 | _2eng | ||
| 041 | _aeng | ||
| 084 | _a320.954 JAF | ||
| 084 | _qEDL | ||
| 100 | _aJaffrelot, Christophe | ||
| 245 | 0 | _aIndia's Silent Revolution: Rise of the Low Castes in North Indian Politics | |
| 245 | 0 | _cJaffrelot, Christophe | |
| 260 | _aNew Delhi | ||
| 260 | _bPermanent Black | ||
| 260 | _c2003 | ||
| 300 | _a505p | ||
| 942 | _cTB | ||
| 942 | _h320.954 JAF | ||
| 999 |
_c1845753 _d1845753 |
||